[Event "Barcelona Primavera La Lira op 10th"]
[Site "Barcelona"]
[Date "2017.05.18"]
[Round "5"]
[White "Garcia Vazquez, Alejandro"]
[Black "Niubo Calvo, Juan"]
[Result "0-1"]
[WhiteElo "1743"]
[BlackElo "1782"]
[PlyCount "84"]
[EventDate "2017.04.20"]
[EventType "swiss"]
[EventRounds "9"]
[EventCountry "ESP"]
[SourceTitle "EXT 2018"]
[Source "ChessBase"]
[SourceDate "2017.10.13"]
[SourceVersion "1"]
[SourceVersionDate "2017.10.13"]
[SourceQuality "1"]

1. d4 Nf6 2. Bf4 g6 3. Nf3 Bg7 4. e3 d5 5. Be2 c5 6. c3 Qb6 7. Qb3 c4 8. Qc2 0-0 9. 0-0 Bf5 10. Qc1 Nc6 11. Nbd2 Nh5 12. Bg3 Nxg3 13. hxg3 Rac8 14. Nh4 Bd7 15. e4 e6 16. f4 Ne7 17. exd5 exd5 18. g4 Qd8 19. Qc2 Nc6 20. g5 Qe7 21. Rae1 Qd6 22. f5 gxf5 23. Nxf5 Bxf5 24. Qxf5 Ne7 25. Qh3 Ng6 26. Bh5 Rce8 27. Bxg6 Qxg6 28. Rxe8 Rxe8 29. Qd7 Qe6 30. Qxe6 Rxe6 31. Rf5 Re2 32. Nf3 Rxb2 33. Rxd5 Rc2 34. Rd8+ Bf8 35. d5 Rxc3 36. d6 Rd3 37. Ne5 Rxd6 38. Rxd6 Bxd6 39. Nxc4 Be7 40. Na5 b5 41. Nc6 Bxg5 42. Nxa7 Be3+ 0-1

[Event "Barcelona Primavera La Lira op 10th"]
[Site "Barcelona"]
[Date "2017.05.11"]
[Round "4"]
[White "Colom Andres, Xavier"]
[Black "Garcia Vazquez, Alejandro"]
[Result "1-0"]
[WhiteElo "1930"]
[BlackElo "1743"]
[PlyCount "99"]
[EventDate "2017.04.20"]
[EventType "swiss"]
[EventRounds "9"]
[EventCountry "ESP"]
[SourceTitle "EXT 2018"]
[Source "ChessBase"]
[SourceDate "2017.10.13"]
[SourceVersion "1"]
[SourceVersionDate "2017.10.13"]
[SourceQuality "1"]

1. d4 Nf6 2. c4 e6 3. Nf3 d5 4. Nc3 c6 5. e3 Nbd7 6. Qc2 Bd6 7. Bd3 dxc4 8. Bxc4 b5 9. Bd3 Bb7 10. 0-0 0-0 11. e4 e5 12. d5 cxd5 13. exd5 Rc8 14. Qb3 b4 15. Re1 bxc3 16. Qxb7 Rb8 17. Qc6 cxb2 18. Bxb2 Rb6 19. Qc2 Re8 20. Rab1 Qe7 21. Nd4 Nxd5 22. Nf5 Qe6 23. Nxd6 Rxd6 24. Bxh7+ Kh8 25. Bf5 Qf6 26. Ba3 Rc6 27. Qd3 Rc3 28. Qxd5 Qxf5 29. Rb3 Nf6 30. Qxf7 Rxb3 31. axb3 Rd8 32. Bf8 Qg5 33. h4 Qh6 34. Be7 Rd7 35. Qe6 Rd2 36. Qxe5 Qxh4 37. Bc5 Ng4 38. Qe8+ Kh7 39. Qe4+ Kh8 40. Qf4 Rd8 41. b4 Qh5 42. Qc7 Re8 43. Rxe8+ Qxe8 44. Qe7 Qg6 45. Qh4+ Kg8 46. Qd8+ Kh7 47. Qd1 Qh6 48. Qd3+ Kh8 49. Qh3 a6 50. Qxg4 1-0

[Event "Barcelona Primavera La Lira op 10th"]
[Site "Barcelona"]
[Date "2017.05.04"]
[Round "3"]
[White "Garcia Vazquez, Alejandro"]
[Black "Volart Buil, Jordi"]
[Result "1-0"]
[WhiteElo "1743"]
[BlackElo "1762"]
[PlyCount "63"]
[EventDate "2017.04.20"]
[EventType "swiss"]
[EventRounds "9"]
[EventCountry "ESP"]
[SourceTitle "EXT 2018"]
[Source "ChessBase"]
[SourceDate "2017.10.13"]
[SourceVersion "1"]
[SourceVersionDate "2017.10.13"]
[SourceQuality "1"]

1. d4 Nf6 2. Bf4 d5 3. Nf3 c6 4. e3 Qb6 5. b3 Nh5 6. Bg3 Nxg3 7. hxg3 Bg4 8. Be2 e6 9. 0-0 Nd7 10. Nbd2 Nf6 11. Ne5 Bf5 12. g4 Bg6 13. f4 Be4 14. g5 Ng8 15. Nxe4 dxe4 16. f5 f6 17. gxf6 Nxf6 18. Bh5+ Ke7 19. fxe6 Kxe6 20. Rxf6+ gxf6 21. Qg4+ f5 22. Bf7+ Kd6 23. Qxf5 Qd8 24. Nc4+ Kc7 25. d5 Bd6 26. dxc6 b6 27. Rd1 Bh2+ 28. Kxh2 Qh4+ 29. Kg1 Rad8 30. Rd7+ Kb8 31. c7+ Kb7 32. cxd8Q+ 1-0